The Witcher 3 Character Quiz - Statistics

General Stats
  • This quiz has been taken 4,996 times
  • The average score is 10 of 15
Answer Stats
Hint Answer % Correct
The White Wolf Geralt of Rivia
99%
Child of Prophecy Cirilla Fiona Ellen Riannon
98%
Sorceress of Vengerberg Yennefer of Vengerberg
96%
Sorceress of Maribor Triss Merigold
92%
Old Wolf Witcher Vesemir
82%
Emperor of Nilfgaard Emhyr var Emreis
71%
King of the Wild Hunt Eredin
71%
King of Redania Radovid
70%
Bloody Baron Philip Strenger
62%
Leader of Clan an Craite Crach an Craite
58%
Witch in the Swamps Keira Metz
51%
Blind Sorceress Phillipa Eilheart
46%
The Ladies of the Woods The Crones
45%
Real Name of Reuvan Dijkstra
37%
Werewolf in the Freya's Garden Morkvarg
25%
No matching quizzes found
Score Distribution
Percent of People with Each Score
Percentile by Number Answered
Your Score History
You have not taken this quiz